000 00301nam a22001337a 4500
008 190226b xxu||||| |||| 00| 0 eng d
020 _a9780803624979
041 _aeng
080 _23rd
_a615
100 _a5
101 _aFAR
245 _aCalculating Drug Dosages
_cCastillo, S.M
942 _2udc
_cBK
999 _c54313
_d54313